00630nam a2200169Ia 4500008004100000040001800041041000800059100003600067245007700103250001300180260004400193300001800237504004800255650004400303651006000347651005300407130821s1964 pe gr spa  aCo-BoUCMbspa00aspa1 aWagner de Reyna, Albertod1915-10aHistoria diplomática del Perú 1900-1945cprólogo de Alberto Ulloa a[1. ed.] aLima (Perú)bEdiciones Peruanasc1964 a2 volúmenes aIncluye bibliografía: v. 2, p. [387]-416.04aDiplomaciaxHistoriazPerúy1900-1945 7aPerúbRelaciones internacionalesxHistoriay1900-1945 7aPerúxPolítica exteriorxHistoriay1900-1945